A guide to soft skills / (Record no. 146922)

MARC details
000 -LEADER
fixed length control field 00532nam a22001817a 4500
005 - DATE AND TIME OF LATEST TRANSACTION
control field 20171027122444.0
010 ## - LCCN (DPL NO)
LC control number ENG-121085
020 ## - INTERNATIONAL STANDARD BOOK NUMBER
Terms of availability 80.00
International Standard Book Number 9788184494792
035 ## - SYSTEM CONTROL NUMBER
System control number EN-104617
037 ## - SOURCE OF ACQUISITION
Source of stock number/acquisition DBAD/PUB
082 ## - DEWEY DECIMAL CLASSIFICATION NUMBER
Classification number 372.6
100 ## - MAIN ENTRY--PERSONAL NAME
Personal name Anandamurugan, S.
245 ## - TITLE STATEMENT
Title A guide to soft skills /
Statement of responsibility, etc by S. Anandamurugan
260 ## - PUBLICATION, DISTRIBUTION, ETC. (IMPRINT)
Place of publication, distribution, etc Channai
Name of publisher, distributor, etc First Edition
Date of publication, distribution, etc 2011
270 ## - ADDRESS
Address 1620, 'J' 16th Main Road, Anna Nagar
City Channai
Postal code 600040
300 ## - PHYSICAL DESCRIPTION
Extent 162p.
Dimensions 21.5cm(pbk)
Other physical details ill.
942 ## - ADDED ENTRY ELEMENTS (KOHA)
Source of classification or shelving scheme Dewey Decimal Classification
Item type English Books
Classification part 372.6
Call number suffix ANA
Holdings
Withdrawn status Lost status Not for loan Collection code Home library Current library Date acquired Source of acquisition Cost, normal purchase price Full call number Barcode Copy number Cost, replacement price Koha item type
    Not For Loan Non-fiction D.B.Act.Division Bawana 27/10/2017 DBAD/PUB 80.00 372.6 ANA EN-104617 1 80.00 English Books

© Delhi Public Library
Hit Counter
free hit counter